书目信息 |
| 题名: |
新型干法水泥厂设备管理与维修手册
|
|
| 作者: | 熊然 , 熊会思 编著 | |
| 分册: | ||
| 出版信息: | 北京 中国建材工业出版社 2011.03 |
|
| 页数: | 559页 | |
| 开本: | 26cm | |
| 丛书名: | ||
| 单 册: | ||
| 中图分类: | TQ172.6-62 | |
| 科图分类: | ||
| 主题词: | 水泥--shui ni--干法--化工设备--设备管理--技术手册 , 水泥--shui ni--干法--化工设备--维修--技术手册 | |
| 电子资源: | ||
| ISBN: | 978-7-80227-551-5 | |
| 000 | 00992nam0 2200265 450 | |
| 001 | 296967 | |
| 005 | 20110830181625.34 | |
| 010 | @a978-7-80227-551-5@dCNY78.00 | |
| 100 | @a20110530d2011 ek y0chiy0120 ea | |
| 101 | 0 | @achi |
| 102 | @aCN@b110000 | |
| 105 | @aak z 000yy | |
| 106 | @ar | |
| 200 | 1 | @a新型干法水泥厂设备管理与维修手册@Axin xing gan fa shui ni chang she bei guan li yu wei xiu shou ce@f熊会思, 熊然编著 |
| 210 | @a北京@c中国建材工业出版社@d2011.03 | |
| 215 | @a559页@c图@d26cm | |
| 330 | @a本书内容主要分为5章:新型干法水泥厂组织机构及职责;新型干法水泥厂设备的前期管理;新型干法水泥厂设备安装和试运转;新型干法水泥厂的设备维修系统;新型干法水泥厂关键设备故障修复。 | |
| 586 | @a | |
| 606 | 0 | @a水泥@Ashui ni@x干法@x化工设备@x设备管理@j技术手册 |
| 606 | 0 | @a水泥@Ashui ni@x干法@x化工设备@x维修@j技术手册 |
| 690 | @aTQ172.6-62@v5 | |
| 701 | 0 | @a熊然@Axiong ran@4编著 |
| 701 | 0 | @a熊会思@AXiong huisi@4编著 |
| 801 | 0 | @aCN@c20110610 |
| 905 | @dTQ172.6-62@eX638 | |
| 新型干法水泥厂设备管理与维修手册/熊会思, 熊然编著.-北京:中国建材工业出版社,2011.03 |
| 559页:图;26cm |
| ISBN 978-7-80227-551-5:CNY78.00 |
| 本书内容主要分为5章:新型干法水泥厂组织机构及职责;新型干法水泥厂设备的前期管理;新型干法水泥厂设备安装和试运转;新型干法水泥厂的设备维修系统;新型干法水泥厂关键设备故障修复。 |
| ● |
| 相关链接 |
|
|
|
正题名:新型干法水泥厂设备管理与维修手册
索取号:TQ172.6-62/X638
 
预约/预借
| 序号 | 登录号 | 条形码 | 馆藏地/架位号 | 状态 | 备注 |
| 1 | 889767 | 208897675 | 自科二线400A/400A自科库 26排1列1层/ [索取号:TQ172.6-62/X638] | 在馆 | |
| 2 | 889768 | 208897684 | 自科库501/501自科库 139排8列5层/ [索取号:TQ172.6-62/X638] | 在馆 | |
| 3 | 889769 | 208897693 | 自科库501/501自科库 139排8列5层/ [索取号:TQ172.6-62/X638] | 在馆 |